Statistics for Top 10 Most Remote European Capitals

Click here to take the quiz!

General Stats

  • This quiz has been taken 30,844 times
  • The average score is 8 of 10

Answer Stats

DistanceNearest OtherCapital% Correct
675 kmMinskMoscow
95%
1,493 kmDublinReykjavik
91%
417 kmStockholmOslo
88%
500 kmMadridLisbon
86%
494 kmAndorra la VellaMadrid
84%
489 kmSkopjeAthens
78%
401 kmChisinauKiev
78%
463 kmLondonDublin
75%
392 kmVilniusWarsaw
62%
494 kmMadridAndorra la Vella
27%

Score Distribution

Percentile by Number Answered

Percent of People with Each Score

Your Score History

You have not taken this quiz